00479nam a2200181 a 4500001001300000003000900013005001700022008004100039020002500080082001300105100002300118245004100141260003800182300000900220500003500229650001000264700002300274nice12345678IN_TiNIC20260116014654.0090120s2007 newa grp 000 0 eng  a0275987329 c2322000a297bCOR aCornell, Vincent J aVoice of Islamb Voices of Tradition aNew Delhi bPentagon Press c2007 a294p aincludes index and biblioraphy aIslam1 aCornell, Vincent J